000 00524nam a2200181Ia 4500
008 151202s9999||||xx |||||||||||||| ||und||
082 _bPNVM-2864
100 _aजावडेकर शं.द.
245 _aलोकशाही.
260 _b"य.गो.जोशी, पुणे."
260 _c1940
300 _a157
600 _aजावडेकर शं.द.
630 _aलोकशाही.
700 _aजावडेकर शं.द.
730 _aलोकशाही.
942 _cBOOK
999 _c1268862
_d1268859